00775nam a22001937a 450000500170000001000130001702000260003003500130005603700270006908200180009610000190011424500980013326000350023127000600026630000200032694200320034699900170037895201860039520140321123226.0 aB-500322 a9780670086092c499.00 aB-500322 adplbMallika Books/Ven a305.569095441 aBoo, Katherine aBehind the Beautiful Forevers:blife, death and hope in a mumbai undercity/cby Katherine Boo aNew DelhibPenguin Groupc2012 a11 Community Centre, Panchsheel ParkbNew Delhie110017 a254p.c21cm(Hb) 2ddccENh305.569095441mBOO c83121d83121 001340708NFICaZLSbZLSd2014-03-21eMallika Books/99/15.03.2013/174/08.03.2013/18.03.2013g499.00l0o305.569095441 BOOpB-500322r2014-03-21 00:00:00t1v499.00w2014-03-21yEN